000 00524nam a22001937a 4500
003 OSt
005 20160217144102.0
008 131001t xxu||||| |||| 00| 0 eng d
020 _a9781869860394
022 _2186986039X
050 _aQD 466
_b.K56Lt 1996
082 _aHS 546.6
_b.K727 1996
100 _aKnapp, Brian
_922260
245 _aLead and Tin
_cBrian Knapp
260 _aHenley-on-Thames, Oxon :
_bAtlantic Europe Publishing Company,
_cc1996.
440 _aElements
_922261
942 _2lcc
_cBK
999 _c12441
_d12441